[Event "European Team-ch 2007"]
[Site "Crete GRE"]
[Date "2007.10.28"]
[Round "1.1"]
[White "Svidler, Peter"]
[Black "Berg, Emanuel"]
[Result "1-0"]
[WhiteElo "2732"]
[BlackElo "2593"]
[PlyCount "81"]
[EventDate "2007.10.28"]
[EventType "team"]
[EventRounds "9"]
[EventCountry "GRE"]
[Source "lmi"]
[SourceDate "2007.10.28"]
[WhiteTeam "Russia"]
[BlackTeam "Sweden"]
[WhiteTeamCountry "RUS"]
[BlackTeamCountry "SWE"]

1. e4 e6 2. d4 d5 3. Nc3 Bb4 4. e5 c5 5. a3 Bxc3+ 6. bxc3 Ne7 7. Qg4 cxd4 8.
Qxg7 Rg8 9. Qxh7 Qc7 10. Ne2 Nbc6 11. f4 Bd7 12. Qd3 dxc3 13. Rg1 O-O-O 14. g4
d4 15. Rb1 Be8 16. Rg3 f6 17. exf6 Nd5 18. Qc4 e5 19. g5 Bf7 20. Qd3 Bg6 21. f5
Bh5 22. Qe4 Rge8 23. Kf2 Bf7 24. Bg2 Nb6 25. g6 Bd5 26. Qg4 e4 27. f7 Ne5 28.
Qf4 e3+ 29. Kg1 Re7 30. Bxd5 Nxd5 31. Qxd4 Nxf7 32. gxf7 Rxf7 33. Bxe3 Rxf5 34.
Qxa7 Re8 35. Qa8+ Qb8 36. Qxb8+ Kxb8 37. Nd4 Nxe3 38. Rxe3 Rxe3 39. Nxf5 Re2
40. Nd4 Rd2 41. Rb4 1-0

[Event "European Team-ch 2007"]
[Site "Crete GRE"]
[Date "2007.10.28"]
[Round "1.1"]
[White "Agrest, Evgenij"]
[Black "Morozevich, Alexander"]
[Result "0-1"]
[WhiteElo "2541"]
[BlackElo "2755"]
[PlyCount "96"]
[EventDate "2007.10.28"]
[EventType "team"]
[EventRounds "9"]
[EventCountry "GRE"]
[Source "lmi"]
[SourceDate "2007.10.28"]
[WhiteTeam "Sweden"]
[BlackTeam "Russia"]
[WhiteTeamCountry "SWE"]
[BlackTeamCountry "RUS"]

1. Nf3 Nf6 2. c4 g6 3. Nc3 Bg7 4. d4 d6 5. Bg5 h6 6. Bh4 g5 7. Bg3 Nh5 8. e3 e6
9. Be2 Nd7 10. Qd3 f5 11. Nd2 Ndf6 12. O-O-O O-O 13. f4 Qe7 14. fxg5 hxg5 15.
Bf2 e5 16. dxe5 dxe5 17. h3 e4 18. Qc2 Qe5 19. c5 Be6 20. Nb3 Ng3 21. Bxg3 Qxg3
22. Nd4 Bd7 23. Kb1 Rae8 24. Bc4+ Kh8 25. Nce2 Qxe3 26. g4 Nh7 27. h4 gxh4 28.
gxf5 Bf6 29. Ne6 Bxe6 30. fxe6 Rd8 31. Bd5 c6 32. Qxe4 Qxe4+ 33. Bxe4 Rxd1+ 34.
Rxd1 Ng5 35. Bf5 Be7 36. Bg4 Rf2 37. Nc1 Rf4 38. Be2 Re4 39. Rh1 Nxe6 40. Bd3
Re3 41. b4 Nd4 42. Bc4 Kg7 43. Nd3 Nf3 44. Rd1 h3 45. Nf2 h2 46. Rd7 Kf8 47.
Rd1 Bh4 48. Nh1 Nd2+ 0-1

[Event "European Team-ch 2007"]
[Site "Crete GRE"]
[Date "2007.10.28"]
[Round "1.3"]
[White "Atalik, Suat"]
[Black "Radjabov, Teimour"]
[Result "0-1"]
[WhiteElo "2599"]
[BlackElo "2742"]
[PlyCount "86"]
[EventDate "2007.10.28"]
[EventType "team"]
[EventRounds "9"]
[EventCountry "GRE"]
[Source "lmi"]
[SourceDate "2007.10.28"]
[WhiteTeam "Turkey"]
[BlackTeam "Azerbaijan"]
[WhiteTeamCountry "TUR"]
[BlackTeamCountry "AZE"]

1. d4 Nf6 2. c4 g6 3. Nc3 Bg7 4. e4 d6 5. Bd3 O-O 6. Nge2 Nc6 7. O-O Nd7 8. Be3
e5 9. d5 Nd4 10. Bc2 Nxc2 11. Qxc2 f5 12. exf5 gxf5 13. f4 Nf6 14. h3 Nh5 15.
Qd2 Bd7 16. Rf3 Qe7 17. Raf1 Rae8 18. b4 b6 19. Nb5 Bxb5 20. cxb5 Qd7 21. a4
Nf6 22. Nc3 e4 23. Rg3 h6 24. Bd4 Kh7 25. Ne2 Rf7 26. Rc1 Ree7 27. Rc6 Qe8 28.
Bxf6 Bxf6 29. Qc2 h5 30. h4 Qf8 31. Qc4 Rg7 32. Rg5 Bxg5 33. hxg5 e3 34. Qc2
Qf7 35. Qd3 h4 36. Rc4 Kg8 37. Kf1 h3 38. gxh3 Qh5 39. Ng1 Qh4 40. Qe2 Qg3 41.
h4 Rh7 42. Nf3 Re4 43. Rc3 Rxh4 0-1

[Event "European Team-ch 2007"]
[Site "Crete GRE"]
[Date "2007.10.28"]
[Round "1.3"]
[White "Guseinov, Gadir"]
[Black "Haznedaroglu, Kivanc"]
[Result "1-0"]
[WhiteElo "2614"]
[BlackElo "2468"]
[PlyCount "117"]
[EventDate "2007.10.28"]
[EventType "team"]
[EventRounds "9"]
[EventCountry "GRE"]
[Source "lmi"]
[SourceDate "2007.10.28"]
[WhiteTeam "Azerbaijan"]
[BlackTeam "Turkey"]
[WhiteTeamCountry "AZE"]
[BlackTeamCountry "TUR"]

1. e4 c5 2. Nc3 Nc6 3. Nf3 e5 4. Bc4 Be7 5. d3 Nf6 6. Ng5 O-O 7. O-O d6 8. f4
h6 9. Nf3 exf4 10. Bxf4 Be6 11. Nd5 Bxd5 12. Bxd5 Nxd5 13. exd5 Ne5 14. Bxe5
dxe5 15. c4 Bd6 16. g4 Qb6 17. Qe2 Rae8 18. Kh1 Bc7 19. Rae1 Qd6 20. Nd2 Bd8
21. Ne4 Qc7 22. Qe3 b6 23. Rf5 Bh4 24. Re2 f6 25. Qh3 Bg5 26. Qh5 Rd8 27. h4
Bf4 28. Qg6 Kh8 29. Kg2 Qd7 30. b3 a5 31. Nc3 Qe8 32. h5 Qd7 33. Kf3 Rb8 34.
Rxf4 exf4 35. Qf5 Qd8 36. Re6 Re8 37. Ne2 b5 38. Nxf4 bxc4 39. dxc4 a4 40. Ng6+
Kg8 41. bxa4 Qa5 42. Qd3 Rxe6 43. dxe6 Rd8 44. Ne7+ Kf8 45. Nd5 Qe1 46. Qe3
Qh1+ 47. Kg3 Rxd5 48. cxd5 Qxd5 49. a5 Ke7 50. Qa3 Qe5+ 51. Kh3 f5 52. Qf3
fxg4+ 53. Qxg4 Qe3+ 54. Kg2 Qd2+ 55. Kg3 Qe1+ 56. Kf4 Qd2+ 57. Kf5 Qd5+ 58. Kg6
Qxa2 59. Qf5 1-0

[Event "European Team-ch 2007"]
[Site "Crete GRE"]
[Date "2007.10.28"]
[Round "1.3"]
[White "Esen, Baris"]
[Black "Mamedov, Rauf"]
[Result "0-1"]
[WhiteElo "2453"]
[BlackElo "2582"]
[PlyCount "58"]
[EventDate "2007.10.28"]
[EventType "team"]
[EventRounds "9"]
[EventCountry "GRE"]
[Source "lmi"]
[SourceDate "2007.10.28"]
[WhiteTeam "Turkey"]
[BlackTeam "Azerbaijan"]
[WhiteTeamCountry "TUR"]
[BlackTeamCountry "AZE"]

1. d4 g6 2. Nf3 Bg7 3. g3 d6 4. Bg2 Nf6 5. O-O O-O 6. a4 a6 7. Nc3 Nbd7 8. e4
e5 9. a5 exd4 10. Nxd4 Re8 11. h3 Nb8 12. Nde2 Bd7 13. Re1 Nc6 14. Nf4 Ne5 15.
b3 h5 16. Nd3 Nh7 17. Nxe5 Bxe5 18. Re3 Bc6 19. Bd2 h4 20. g4 Ng5 21. Rb1 Qf6
22. Rd3 Re7 23. f3 Ne6 24. b4 Rae8 25. Ne2 Bb5 26. Re3 Nf4 27. Nc3 Bc4 28. Kh1
Nxg2 29. Kxg2 Qf4 0-1

[Event "European Team-ch 2007"]
[Site "Crete GRE"]
[Date "2007.10.28"]
[Round "1.4"]
[White "Nevednichy, Vladislav"]
[Black "Akopian, Vladimir"]
[Result "1/2-1/2"]
[WhiteElo "2531"]
[BlackElo "2713"]
[PlyCount "35"]
[EventDate "2007.10.28"]
[EventType "team"]
[EventRounds "9"]
[EventCountry "GRE"]
[Source "lmi"]
[SourceDate "2007.10.28"]
[WhiteTeam "Romania"]
[BlackTeam "Armenia"]
[WhiteTeamCountry "ROM"]
[BlackTeamCountry "ARM"]

1. e4 e6 2. d4 d5 3. Nd2 c5 4. exd5 Qxd5 5. Ngf3 cxd4 6. Bc4 Qd6 7. O-O Nf6 8.
Nb3 Nc6 9. Nbxd4 Nxd4 10. Qxd4 Qxd4 11. Nxd4 Bd7 12. Be2 Bc5 13. Nb3 Bb6 14. a4
a6 15. Bf3 O-O-O 16. Re1 Kb8 17. a5 Ba7 18. Bf4+ 1/2-1/2

[Event "European Team-ch 2007"]
[Site "Crete GRE"]
[Date "2007.10.28"]
[Round "1.4"]
[White "Sargissian, Gabriel"]
[Black "Lupulescu, Constantin"]
[Result "1-0"]
[WhiteElo "2673"]
[BlackElo "2562"]
[PlyCount "113"]
[EventDate "2007.10.28"]
[EventType "team"]
[EventRounds "9"]
[EventCountry "GRE"]
[Source "lmi"]
[SourceDate "2007.10.28"]
[WhiteTeam "Armenia"]
[BlackTeam "Romania"]
[WhiteTeamCountry "ARM"]
[BlackTeamCountry "ROM"]

1. d4 Nf6 2. c4 g6 3. Nc3 d5 4. cxd5 Nxd5 5. e4 Nxc3 6. bxc3 Bg7 7. Bc4 O-O 8.
Ne2 c5 9. Be3 Nc6 10. O-O Bd7 11. Rb1 Qc7 12. Bd3 Rad8 13. Qc2 Na5 14. dxc5 Be6
15. c4 Nc6 16. Nf4 Bc8 17. Nd5 Qd7 18. f4 e6 19. Rfd1 Kh8 20. Be2 exd5 21. cxd5
Ne7 22. Bf3 Qe8 23. Qb3 g5 24. f5 h6 25. g4 Ng8 26. Kg2 Nf6 27. Bf2 Nd7 28. Qa3
a6 29. h4 Bf6 30. hxg5 hxg5 31. Bg3 Ne5 32. Rb6 Nc4 33. Qb3 Nxb6 34. Qxb6 Kg7
35. Rh1 Qb5 36. Qxb5 axb5 37. e5 Bxe5 38. Bxe5+ f6 39. Bc7 Rde8 40. d6 Re3 41.
Rd1 Rf7 42. Bb6 Re5 43. Kf2 Kf8 44. Rh1 Kg8 45. a3 Rg7 46. Rh6 Rf7 47. c6 bxc6
48. Bd4 Bd7 49. Bxe5 fxe5 50. Bd1 c5 51. Bf3 Rf8 52. Bd5+ Kg7 53. Rg6+ Kh7 54.
Ke3 b4 55. axb4 cxb4 56. Re6 Rd8 57. Re7+ 1-0

[Event "European Team-ch 2007"]
[Site "Crete GRE"]
[Date "2007.10.28"]
[Round "1.5"]
[White "Topalov, Veselin"]
[Black "Sulskis, Sarunas"]
[Result "1/2-1/2"]
[WhiteElo "2769"]
[BlackElo "2527"]
[PlyCount "96"]
[EventDate "2007.10.28"]
[EventType "team"]
[EventRounds "9"]
[EventCountry "GRE"]
[Source "lmi"]
[SourceDate "2007.10.28"]
[WhiteTeam "Bulgaria"]
[BlackTeam "Lithuania"]
[WhiteTeamCountry "BUL"]
[BlackTeamCountry "LTU"]

1. e4 c6 2. d4 d5 3. Nc3 dxe4 4. Nxe4 Bf5 5. Ng3 Bg6 6. h4 h6 7. Nf3 Nf6 8. Ne5
Bh7 9. Bd3 Nbd7 10. Bxh7 Nxe5 11. dxe5 Qxd1+ 12. Kxd1 Nxh7 13. Ke2 e6 14. Ne4
f5 15. Nd2 Be7 16. h5 O-O-O 17. f4 Rhg8 18. Nb3 g5 19. hxg6 Rxg6 20. Rh2 Nf8
21. Be3 Nd7 22. Rg1 Nb6 23. Bxb6 axb6 24. g3 Bc5 25. Rgg2 Bd4 26. c3 Bc5 27.
Rh3 Be7 28. Rgh2 Bf8 29. Rh1 b5 30. a3 Rd7 31. Rd1 Rdg7 32. Kf3 c5 33. Nc1 c4
34. Ne2 Bc5 35. Rhh1 Rg8 36. Rd2 Kc7 37. Rh3 R8g7 38. Rh5 Kc8 39. Rh1 Rg8 40.
Ra1 h5 41. Rh1 Rh6 42. Nd4 Rd8 43. Rhd1 Rg6 44. Nb3 Rdg8 45. Nxc5 Rxg3+ 46. Kf2
Rg2+ 47. Ke3 R2g3+ 48. Kf2 Rg2+ 1/2-1/2

[Event "European Team-ch 2007"]
[Site "Crete GRE"]
[Date "2007.10.28"]
[Round "1.5"]
[White "Delchev, Aleksander"]
[Black "Kveinys, Aloyzas"]
[Result "1-0"]
[WhiteElo "2613"]
[BlackElo "2517"]
[PlyCount "126"]
[EventDate "2007.10.28"]
[EventType "team"]
[EventRounds "9"]
[EventCountry "GRE"]
[Source "lmi"]
[SourceDate "2007.10.28"]
[WhiteTeam "Bulgaria"]
[BlackTeam "Lithuania"]
[WhiteTeamCountry "BUL"]
[BlackTeamCountry "LTU"]

1. d4 Nf6 2. c4 e6 3. Nc3 Bb4 4. Nf3 c5 5. g3 cxd4 6. Nxd4 Ne4 7. Qd3 Bxc3+ 8.
bxc3 Nc5 9. Qf3 d6 10. Bg2 Nbd7 11. Qg4 O-O 12. Bh6 Qf6 13. Bg5 Qg6 14. Qh4 Nf6
15. Nb3 Nce4 16. Bxf6 Nxf6 17. Qd4 e5 18. Qxd6 Bg4 19. Rd1 Rae8 20. Bxb7 Qh5
21. h3 e4 22. Nd4 Be6 23. Qc7 Bc8 24. Bc6 Qc5 25. Nb5 Re5 26. Rd8 Rxd8 27.
Qxd8+ Qf8 28. Qxf8+ Kxf8 29. Nxa7 Be6 30. Bb5 e3 31. f3 Rc5 32. Kd1 Bxc4 33.
Bxc4 Rxc4 34. Nb5 Ra4 35. a3 Ra5 36. c4 Ra4 37. Kc2 Rxc4+ 38. Kd3 Rc5 39. a4
Nd7 40. Rb1 Rg5 41. Kxe3 Rxg3 42. a5 Rg6 43. Nc7 Rc6 44. Rb7 Nc5 45. Rb8+ Ke7
46. Nd5+ Kd7 47. Rb5 Ne6 48. Rb7+ Kd6 49. Nb4 Rc3+ 50. Kd2 Ra3 51. a6 Nd8 52.
Rb5 Ne6 53. Rb6+ Kc5 54. Rb7 Kc4 55. a7 f6 56. Nc6 Kc5 57. Nb4 h5 58. Kc2 h4
59. Kb2 Ra5 60. e3 Ra4 61. Kb3 Ra5 62. f4 f5 63. Rd7 g6 1-0

[Event "European Team-ch 2007"]
[Site "Crete GRE"]
[Date "2007.10.28"]
[Round "1.5"]
[White "Malisauskas, Vidmantas"]
[Black "Chatalbashev, Boris"]
[Result "1/2-1/2"]
[WhiteElo "2495"]
[BlackElo "2581"]
[PlyCount "46"]
[EventDate "2007.10.28"]
[EventType "team"]
[EventRounds "9"]
[EventCountry "GRE"]
[Source "lmi"]
[SourceDate "2007.10.28"]
[WhiteTeam "Lithuania"]
[BlackTeam "Bulgaria"]
[WhiteTeamCountry "LTU"]
[BlackTeamCountry "BUL"]

1. e4 g6 2. Nc3 Bg7 3. h4 h5 4. d4 d5 5. exd5 Nf6 6. Bc4 Nbd7 7. Nf3 Nb6 8.
Bb5+ Bd7 9. Bxd7+ Qxd7 10. Ne5 Qf5 11. Qe2 O-O 12. f3 Rad8 13. g4 Qc8 14. Bg5
Nbxd5 15. Nxd5 Rxd5 16. O-O-O c5 17. dxc5 Qxc5 18. Bxf6 Bxf6 19. Nd7 Bxb2+ 20.
Kxb2 Qb4+ 21. Kc1 Qa3+ 22. Kb1 Qb4+ 23. Kc1 Qa3+ 1/2-1/2

[Event "European Team-ch 2007"]
[Site "Crete GRE"]
[Date "2007.10.28"]
[Round "1.6"]
[White "Fressinet, Laurent"]
[Black "Nedev, Trajce"]
[Result "1-0"]
[WhiteElo "2654"]
[BlackElo "2528"]
[PlyCount "113"]
[EventDate "2007.10.28"]
[EventType "team"]
[EventRounds "9"]
[EventCountry "GRE"]
[Source "lmi"]
[SourceDate "2007.10.28"]
[WhiteTeam "France"]
[BlackTeam "Former Yugoslav Republic of Macedonia"]
[WhiteTeamCountry "FRA"]
[BlackTeamCountry "FRM"]

1. e4 c5 2. Nf3 Nc6 3. Bb5 Nf6 4. Nc3 g6 5. h3 Bg7 6. e5 Ng8 7. Bxc6 dxc6 8. d3
Nh6 9. Be3 Qa5 10. g4 f5 11. exf6 exf6 12. Qd2 Nf7 13. Ne4 Qxd2+ 14. Bxd2 h5
15. gxh5 Rxh5 16. Bc3 Rxh3 17. Rxh3 Bxh3 18. Bxf6 Bxf6 19. Nxf6+ Ke7 20. Ne4
Bg4 21. Nfg5 Nxg5 22. Nxg5 Rd8 23. Kd2 c4 24. Re1+ Kf6 25. Nh7+ Kf5 26. Re7
cxd3 27. cxd3 Kf4 28. Re4+ Kf5 29. Ke3 g5 30. f4 gxf4+ 31. Rxf4+ Kg6 32. Rxg4+
Kxh7 33. Ke4 c5 34. Ke3 b5 35. Rg5 Rc8 36. d4 cxd4+ 37. Kxd4 Rc4+ 38. Kd3 Ra4
39. a3 a6 40. Kc3 Rc4+ 41. Kd3 Kh6 42. Rg2 Rc6 43. Kd4 Rc4+ 44. Kd5 Kh5 45. Rg3
Rc2 46. b4 Rc4 47. Re3 Kg5 48. Re6 a5 49. bxa5 Ra4 50. a6 Rxa3 51. Kc5 Kf5 52.
Rh6 Ke5 53. Kxb5 Kd5 54. Kb6 Rb3+ 55. Kc7 Ra3 56. Kb7 Rg3 57. a7 1-0

[Event "European Team-ch 2007"]
[Site "Crete GRE"]
[Date "2007.10.28"]
[Round "1.6"]
[White "Colovic, Aleksandar"]
[Black "Vachier-Lagrave, Maxime"]
[Result "0-1"]
[WhiteElo "2477"]
[BlackElo "2634"]
[PlyCount "72"]
[EventDate "2007.10.28"]
[EventType "team"]
[EventRounds "9"]
[EventCountry "GRE"]
[Source "lmi"]
[SourceDate "2007.10.28"]
[WhiteTeam "Former Yugoslav Republic of Macedonia"]
[BlackTeam "France"]
[WhiteTeamCountry "FRM"]
[BlackTeamCountry "FRA"]

1. e4 c5 2. Nf3 d6 3. d4 cxd4 4. Nxd4 Nf6 5. Nc3 a6 6. Be3 e6 7. g4 h6 8. Bg2
Nc6 9. h3 g5 10. Qe2 Bd7 11. O-O-O Ne5 12. f4 gxf4 13. Bxf4 Rc8 14. Nf3 Qc7 15.
Rhf1 b5 16. a3 Be7 17. Bg3 Nc4 18. Rd3 Qa5 19. Be1 b4 20. Nd5 bxa3 21. Rxa3 Qb5
22. Rb3 Qa4 23. Kb1 exd5 24. exd5 Bb5 25. Qd1 Nxb2 26. Rxb2 Bxf1 27. Bxf1 O-O
28. Qd4 Qxd4 29. Nxd4 Nxd5 30. Bxa6 Rc5 31. c4 Nc7 32. Bb5 Bf6 33. Bf2 Rb8 34.
Rc2 Bxd4 35. Bxd4 Nxb5 36. cxb5 Rbxb5+ 0-1

[Event "European Team-ch 2007"]
[Site "Crete GRE"]
[Date "2007.10.28"]
[Round "1.6"]
[White "Bauer, Christian"]
[Black "Stanojoski, Zvonko"]
[Result "1/2-1/2"]
[WhiteElo "2634"]
[BlackElo "2467"]
[PlyCount "149"]
[EventDate "2007.10.28"]
[EventType "team"]
[EventRounds "9"]
[EventCountry "GRE"]
[Source "lmi"]
[SourceDate "2007.10.28"]
[WhiteTeam "France"]
[BlackTeam "Former Yugoslav Republic of Macedonia"]
[WhiteTeamCountry "FRA"]
[BlackTeamCountry "FRM"]

1. e4 c5 2. Nf3 Nc6 3. d4 cxd4 4. Nxd4 g6 5. c4 Nf6 6. Nc3 Nxd4 7. Qxd4 d6 8.
Be2 Bg7 9. Be3 O-O 10. Qd2 Be6 11. Rc1 Qa5 12. f3 Rfc8 13. b3 a6 14. Na4 Qxd2+
15. Kxd2 Nd7 16. g4 f5 17. gxf5 gxf5 18. Rhg1 Kh8 19. Bd3 f4 20. Bf2 Bf6 21.
Be2 Rg8 22. Nc3 Rxg1 23. Rxg1 Ne5 24. Nd5 Bxd5 25. cxd5 Rc8 26. a4 Nd7 27. Rc1
Rxc1 28. Kxc1 Kg7 29. Kc2 Kf7 30. a5 Ke8 31. Kd2 Ne5 32. Bd1 Kd8 33. Ke2 Nd7
34. Be1 Kc7 35. Bd2 Bg5 36. Kf2 Ne5 37. Be2 Bh4+ 38. Kg2 Bg5 39. Kf2 Bh4+ 40.
Kg2 Bg5 41. Bf1 Nd7 42. b4 Ne5 43. b5 axb5 44. Bxb5 Kd8 45. Be1 Ng6 46. Kh3 Ne5
47. Kg2 Ng6 48. a6 bxa6 49. Ba5+ Kc8 50. Bxa6+ Kd7 51. Bb5+ Kc8 52. Be8 Ne5 53.
Be1 Kd8 54. Bb5 Ng6 55. Ba5+ Kc8 56. Kf2 Bh4+ 57. Ke2 Ne5 58. Bd2 Bg5 59. Be1
Ng6 60. Be8 Ne5 61. h4 Bf6 62. Bb5 Kd8 63. Ba5+ Kc8 64. h5 Bg5 65. Kf2 h6 66.
Kg2 Bf6 67. Bd2 Bg5 68. Bc3 Kc7 69. Bxe5 dxe5 70. Kh3 Kd6 71. Kg4 e6 72. dxe6
Kxe6 73. Bc4+ Kd6 74. Kf5 Bh4 75. Kg4 1/2-1/2

[Event "European Team-ch 2007"]
[Site "Crete GRE"]
[Date "2007.10.28"]
[Round "1.7"]
[White "Shirov, Alexei"]
[Black "Carlsen, Magnus"]
[Result "1/2-1/2"]
[WhiteElo "2739"]
[BlackElo "2714"]
[PlyCount "103"]
[EventDate "2007.10.28"]
[EventType "team"]
[EventRounds "9"]
[EventCountry "GRE"]
[Source "lmi"]
[SourceDate "2007.10.28"]
[WhiteTeam "Espana"]
[BlackTeam "Norway"]
[WhiteTeamCountry "ESP"]
[BlackTeamCountry "NOR"]

1. e4 c5 2. Nf3 Nc6 3. Bb5 e6 4. c3 Nge7 5. d4 cxd4 6. cxd4 d5 7. Nc3 dxe4 8.
Nxe4 Nf5 9. O-O Be7 10. Bxc6+ bxc6 11. Be3 O-O 12. Rc1 f6 13. Re1 Rb8 14. b3
Qd5 15. Bf4 Rb4 16. a3 Rb7 17. b4 Rd8 18. Nc5 Bxc5 19. Rxc5 Qd7 20. Qc2 Ne7 21.
Be3 Rb5 22. Nd2 Rxc5 23. Qxc5 Nf5 24. Nb3 Qd5 25. Qxd5 cxd5 26. Rc1 Nd6 27. Rc5
Bd7 28. Bf4 Nc4 29. Rc7 Nxa3 30. Nc5 Bc8 31. Rxa7 Nb5 32. Ra8 Kf7 33. Be3 e5
34. dxe5 fxe5 35. Rb8 Nd6 36. b5 d4 37. Bc1 Re8 38. b6 Bb7 39. Rxe8 Kxe8 40. f4
e4 41. Nxb7 Nxb7 42. Bb2 d3 43. Kf2 g6 44. g4 Kd7 45. f5 gxf5 46. gxf5 Nd6 47.
f6 Ke6 48. Bd4 Kf7 49. Ke1 Ke6 50. Kd1 Nb7 51. Kd2 Nd6 52. Kd1 1/2-1/2

[Event "European Team-ch 2007"]
[Site "Crete GRE"]
[Date "2007.10.28"]
[Round "1.7"]
[White "Khamrakulov, Ibragim S"]
[Black "Lie, Espen"]
[Result "1-0"]
[WhiteElo "2604"]
[BlackElo "2421"]
[PlyCount "97"]
[EventDate "2007.10.28"]
[EventType "team"]
[EventRounds "9"]
[EventCountry "GRE"]
[Source "lmi"]
[SourceDate "2007.10.28"]
[WhiteTeam "Espana"]
[BlackTeam "Norway"]
[WhiteTeamCountry "ESP"]
[BlackTeamCountry "NOR"]

1. e4 e5 2. Nf3 Nc6 3. Bc4 Nf6 4. d3 Be7 5. O-O O-O 6. Bb3 d6 7. c3 Na5 8. Bc2
c5 9. h3 Qc7 10. d4 Re8 11. Nbd2 Bd7 12. Re1 Bf8 13. Nf1 h6 14. b4 cxb4 15.
cxb4 Nc6 16. a3 Nxd4 17. Nxd4 exd4 18. Bb2 d5 19. Rc1 Qf4 20. exd5 Rxe1 21.
Qxe1 Bd6 22. Qd1 Be5 23. g3 Qg5 24. h4 Qg4 25. f4 Bd6 26. Qxg4 Bxg4 27. Bxd4 a5
28. Ne3 Bd7 29. Nc4 Bc7 30. d6 Bd8 31. Ne5 axb4 32. axb4 Be6 33. Bd1 Ne4 34. d7
Bf6 35. Bf3 Nxg3 36. Bf2 Nf5 37. Bxb7 Rd8 38. Bb6 Bxe5 39. Bxd8 Bd4+ 40. Kg2
Bxd7 41. Bc8 Ne3+ 42. Kf3 Bb5 43. Be7 Nc4 44. Rd1 Bb6 45. Bc5 Bc6+ 46. Kg3 Bc7
47. Bd7 Bb7 48. Bb5 Na3 49. Bd3 1-0

[Event "European Team-ch 2007"]
[Site "Crete GRE"]
[Date "2007.10.28"]
[Round "1.7"]
[White "Hammer, Jon Ludvig"]
[Black "Narciso Dublan, Marc"]
[Result "1-0"]
[WhiteElo "2402"]
[BlackElo "2546"]
[PlyCount "93"]
[EventDate "2007.10.28"]
[EventType "team"]
[EventRounds "9"]
[EventCountry "GRE"]
[Source "lmi"]
[SourceDate "2007.10.28"]
[WhiteTeam "Norway"]
[BlackTeam "Espana"]
[WhiteTeamCountry "NOR"]
[BlackTeamCountry "ESP"]

1. e4 g6 2. d4 Bg7 3. Nc3 d6 4. f4 Nf6 5. Nf3 O-O 6. Bd3 Nc6 7. O-O e5 8. fxe5
dxe5 9. d5 Nb4 10. Be2 Qd6 11. Kh1 Bg4 12. Be3 Rad8 13. a3 Na6 14. Nd2 Bxe2 15.
Qxe2 Nc5 16. Nb5 Qe7 17. Qc4 Ncd7 18. Nxa7 Ne8 19. Qb3 Nd6 20. Nb5 Nf6 21. Nxd6
cxd6 22. Bg5 h6 23. Bh4 Rc8 24. c4 g5 25. Bf2 Ne8 26. Bb6 Qd7 27. Qd3 Bf6 28.
Rf2 Bd8 29. Bxd8 Qxd8 30. Nf1 Ng7 31. Ne3 f6 32. Raf1 h5 33. b3 Rc7 34. a4 Rcf7
35. Nf5 Kh7 36. Qh3 Rh8 37. Qe3 Nxf5 38. Rxf5 Kg6 39. c5 Rhf8 40. b4 Qa8 41. h4
gxh4 42. Qf3 Kg7 43. Qxh5 Qxa4 44. Qg4+ Kh8 45. Rh5+ Rh7 46. Rxh7+ Kxh7 47. Rf5
1-0

[Event "European Team-ch 2007"]
[Site "Crete GRE"]
[Date "2007.10.28"]
[Round "1.8"]
[White "Avrukh, Boris"]
[Black "Jenni, Florian"]
[Result "1-0"]
[WhiteElo "2641"]
[BlackElo "2511"]
[PlyCount "91"]
[EventDate "2007.10.28"]
[EventType "team"]
[EventRounds "9"]
[EventCountry "GRE"]
[Source "lmi"]
[SourceDate "2007.10.28"]
[WhiteTeam "Israel"]
[BlackTeam "Switzerland"]
[WhiteTeamCountry "ISR"]
[BlackTeamCountry "SUI"]

1. d4 Nf6 2. c4 e6 3. Nf3 b6 4. g3 Ba6 5. b3 b5 6. cxb5 Bxb5 7. Bg2 Bb4+ 8. Bd2
a5 9. Bxb4 axb4 10. Qd2 Qe7 11. Qg5 d5 12. Qxg7 Rg8 13. Qh6 Nbd7 14. Qc1 c5 15.
Qb2 Ne4 16. O-O Qf6 17. a4 Ba6 18. Ra2 Rc8 19. Rc1 Ke7 20. dxc5 Ndxc5 21. Qd4
Qxd4 22. Nxd4 Nd3 23. Rxc8 Rxc8 24. Bxe4 Rc1+ 25. Kg2 Ne1+ 26. Kh3 dxe4 27. Nd2
f5 28. a5 Kf6 29. g4 f4 30. e3 e5 31. Ne2 Bxe2 32. Nxe4+ Ke6 33. Rxe2 Nf3 34.
Ra2 Kd5 35. a6 Kxe4 36. a7 Ng5+ 37. Kh4 Nf3+ 38. Kh5 Rc8 39. a8=Q+ Rxa8 40.
Rxa8 fxe3 41. fxe3 Kxe3 42. Ra7 e4 43. Rxh7 Kd3 44. g5 e3 45. g6 Nd4 46. g7 1-0

[Event "European Team-ch 2007"]
[Site "Crete GRE"]
[Date "2007.10.28"]
[Round "1.8"]
[White "Gallagher, Joseph G"]
[Black "Roiz, Michael"]
[Result "0-1"]
[WhiteElo "2497"]
[BlackElo "2644"]
[PlyCount "98"]
[EventDate "2007.10.28"]
[EventType "team"]
[EventRounds "9"]
[EventCountry "GRE"]
[Source "lmi"]
[SourceDate "2007.10.28"]
[WhiteTeam "Switzerland"]
[BlackTeam "Israel"]
[WhiteTeamCountry "SUI"]
[BlackTeamCountry "ISR"]

1. e4 e5 2. Nf3 Nc6 3. Nc3 Nf6 4. Bb5 Nd4 5. O-O Nxb5 6. Nxb5 c6 7. Nc3 d6 8.
d4 Qc7 9. h3 Be7 10. a4 O-O 11. Be3 Rd8 12. Qe2 h6 13. Rfd1 Be6 14. a5 Re8 15.
d5 Bd7 16. Qd3 cxd5 17. exd5 Qc8 18. Nd2 Bf5 19. Nce4 Nxe4 20. Nxe4 Bh7 21. Bd2
f5 22. Ng3 Rf8 23. f4 exf4 24. Ne2 Bf6 25. c3 Qc5+ 26. Kh1 g5 27. b4 Qc7 28.
Nd4 Rfc8 29. Re1 Be5 30. Nf3 Qg7 31. Nxe5 dxe5 32. d6 e4 33. Qd5+ Qf7 34. Qe5
Re8 35. Qd4 e3 36. Bc1 Re4 37. Qd3 Qc4 38. Qxc4+ Rxc4 39. b5 Rd8 40. Ba3 Kf7
41. Bb4 Ke6 42. Rad1 Bg6 43. Kg1 Be8 44. b6 a6 45. Rd3 Bb5 46. Rd4 Rxd4 47.
cxd4 Rc8 48. Bc5 Kd5 49. Rc1 g4 0-1

[Event "European Team-ch 2007"]
[Site "Crete GRE"]
[Date "2007.10.28"]
[Round "1.9"]
[White "Tiviakov, Sergei"]
[Black "Caruana, Fabiano"]
[Result "1/2-1/2"]
[WhiteElo "2643"]
[BlackElo "2594"]
[PlyCount "69"]
[EventDate "2007.10.28"]
[EventType "team"]
[EventRounds "9"]
[EventCountry "GRE"]
[Source "lmi"]
[SourceDate "2007.10.28"]
[WhiteTeam "Netherlands"]
[BlackTeam "Italy"]
[WhiteTeamCountry "NED"]
[BlackTeamCountry "ITA"]

1. e4 c5 2. Nc3 e6 3. Nf3 a6 4. d4 cxd4 5. Nxd4 Qc7 6. Bd3 Bc5 7. Nb3 Be7 8.
O-O d6 9. f4 Nd7 10. Qe2 Ngf6 11. Bd2 b5 12. a4 b4 13. Nd1 a5 14. Nf2 e5 15. c3
bxc3 16. Bxc3 Qb6 17. Bb5 O-O 18. Kh1 exf4 19. Nd3 Ba6 20. Bxa5 Qb7 21. Nb4
Bxb5 22. axb5 Qxe4 23. Qxe4 Nxe4 24. Nc6 Bf6 25. Rxf4 Nec5 26. Nxc5 dxc5 27.
Rd1 Ne5 28. Bc3 Nxc6 29. Bxf6 gxf6 30. bxc6 Rfc8 31. Rxf6 Ra6 32. Rdf1 Rc7 33.
Rc1 Raxc6 34. Rxc6 Rxc6 35. h3 1/2-1/2

[Event "European Team-ch 2007"]
[Site "Crete GRE"]
[Date "2007.10.28"]
[Round "1.9"]
[White "Brunello, Sabino"]
[Black "Stellwagen, Daniel"]
[Result "0-1"]
[WhiteElo "2489"]
[BlackElo "2639"]
[PlyCount "80"]
[EventDate "2007.10.28"]
[EventType "team"]
[EventRounds "9"]
[EventCountry "GRE"]
[Source "lmi"]
[SourceDate "2007.10.28"]
[WhiteTeam "Italy"]
[BlackTeam "Netherlands"]
[WhiteTeamCountry "ITA"]
[BlackTeamCountry "NED"]

1. e4 c5 2. Nf3 e6 3. d4 cxd4 4. Nxd4 Nc6 5. Nc3 Qc7 6. Be3 a6 7. Be2 Nf6 8.
O-O Bb4 9. f3 O-O 10. Kh1 e5 11. Nb3 Bxc3 12. bxc3 d6 13. Bg5 Ne8 14. Qe1 Be6
15. Rd1 Rc8 16. Bd2 Nb8 17. f4 Nd7 18. Qh4 a5 19. f5 Bc4 20. Bd3 a4 21. Nc1
Nef6 22. Rf3 Rfd8 23. Bg5 Kf8 24. Ne2 h6 25. Bc1 d5 26. Rg3 dxe4 27. Bxc4 Qxc4
28. Ng1 e3 29. Ba3+ Ke8 30. Qxc4 Rxc4 31. Rxe3 Ne4 32. Rf1 Ndf6 33. Nf3 Nd5 34.
Ree1 f6 35. Nd4 Ndxc3 36. Ne6 Rd7 37. Bf8 Ng5 38. Bxg7 Nxe6 39. Bxf6 Ng5 40.
Bxe5 Kf7 0-1